Roundtable on interim and confidence building measures in Central America. Discussion. Parte II /
Uloženo v:
| Hlavní autor: | |
|---|---|
| Korporace: | , |
| Další autoři: | |
| Médium: | Text |
| Vydáno: |
Ottawa:
CAPA
|
| Tagy: |
Přidat tag
Žádné tagy, Buďte první, kdo vytvoří štítek k tomuto záznamu!
|
MARC
| LEADER | 00000 a a2200000 04500 | ||
|---|---|---|---|
| 001 | 25492 | ||
| 003 | |||
| 040 | |||
| 090 | |a 152708 | ||
| 100 | |a North, Liisa | ||
| 110 | |a Central American Policy Alternatives | ||
| 245 | |a Roundtable on interim and confidence building measures in Central America. Discussion. Parte II / |c Central American Policy Alternatives | ||
| 260 | |a Ottawa: |b CAPA | ||
| 300 | |a 108 p | ||
| 700 | |a Baranyi, Steven |a Leonard, Julie | ||
| 710 | |a CAPA | ||
| 999 | |c 6654 |d 6654 | ||
